000 00713nam a2200253Ia 4500
003 OSt
005 20221005023523.0
006 a|||||r|||| 00| 0
007 ta
008 221004b |||||||| |||| 00| 0 eng d
020 _a0520203186
024 _a29191
037 _cTextual
040 _aCRL
_cCRL
_beng
041 _2eng
_aeng
082 _aV41, N7
100 _aThaxton Ralph
_9109509
245 0 _aSalt of the Earth
_b The politifcal origins of peasant protest and communist revolution in China
260 _aBerkeley
_bUniversity of California Press
_c1997
300 _a425
_ccm.
650 _aHISTORY
942 _hV41, N7
_cTEXL
_2cc
999 _c931350
_d931350